JR路線シルエットクイズ(北・東日本編) - Statistics

General Stats
  • This quiz has been taken 72 times
    69 since last reset
  • The average score is 5 of 44
Answer Stats
Picture Answer % Correct
信越本線
65%
水郡線
58%
成田線
54%
五能線
44%
南武線
37%
石北本線
33%
根室本線
29%
外房線
19%
石勝線
17%
只見線
17%
東金線
17%
鹿島線
15%
赤羽線
15%
八戸線
13%
米坂線
12%
左沢線
10%
北上線
10%
京葉線
8%
身延線
8%
御殿場線
8%
高山本線
6%
日光線
6%
矢島線(鳥海山ろく線)
4%
小浜線
4%
白新線
4%
越美北線(九頭竜線)
4%
札沼線(学園都市線)
4%
城端線
4%
長井線(フラワー長井線)
4%
仙石線
4%
真岡線
4%
太多線
4%
明知線
2%
越美南線
2%
篠ノ井線
2%
海峡線(津軽海峡線)
0%
木原線(いすみ線)
0%
会津線
0%
西名古屋港線(あおなみ線)
0%
二俣線(天竜浜名湖線)
0%
足尾線(わたらせ渓谷線)
0%
樽見線
0%
信楽線
0%
湖西線
0%
No matching quizzes found
Score Distribution
Percent of People with Each Score
Percentile by Number Answered
Your Score History
You have not taken this quiz since the last reset